| 000 | 00698nam a22001817a 4500 | ||
|---|---|---|---|
| 003 | SISC | ||
| 005 | 20160726134446.0 | ||
| 008 | 160726b xxu||||| |||| 00| 0 eng d | ||
| 020 | _a9789715427357 | ||
| 050 |
_aPN 1995.2 _b.T649 2014 |
||
| 100 | _aTolentino, Rolando. | ||
| 245 |
_aContestable nation-space : _bcinema, cultural politics, and transnationalism in the Marcos-Brocka Philippines / _cRolando Tolentino. |
||
| 260 |
_aQuezon City : _bThe University of the Philippines Press, _c2014. |
||
| 300 |
_axii, 267 pages : _billustrations ; _c23 cm. |
||
| 500 | _aIncludes bibliographical references and index. | ||
| 650 |
_aMotion pictures and transnationalism _zPhilippines. |
||
| 942 |
_2lcc _cBK |
||
| 999 |
_c298060 _d298060 |
||